[Event "Pfalz-ch HT1 87th"]
[Site "Landau"]
[Date "2018.03.24"]
[Round "2"]
[White "Dias Borges Vianna, Sulivan"]
[Black "Schwitulla, Jochen"]
[Result "0-1"]
[WhiteElo "1402"]
[BlackElo "1104"]
[PlyCount "76"]
[EventDate "2018.03.23"]
[EventType "swiss"]
[EventRounds "7"]
[EventCountry "GER"]
[SourceTitle "EXT 2019"]
[Source "ChessBase"]
[SourceDate "2018.10.10"]
[SourceVersion "1"]
[SourceVersionDate "2018.10.10"]
[SourceQuality "1"]

1. d4 d5 2. Bf4 Nf6 3. e3 c6 4. c3 g6 5. Nd2 Bg7 6. Bd3 a5 7. a4 Nbd7 8. Qe2 0-0 9. h4 Nh5 10. g4 Nxf4 11. exf4 Nf6 12. f5 Qd6 13. Qf3 Bd7 14. Ne2 e5 15. dxe5 Qxe5 16. 0-0-0 Rae8 17. Rde1 Qd6 18. Reg1 c5 19. Bc2 b5 20. axb5 Bxb5 21. Nf4 Ra8 22. Nb1 Bc6 23. Qg3 d4 24. Rh3 dxc3 25. bxc3 Ne4 26. Bxe4 Bxe4 27. fxg6 fxg6 28. Nd3 Qxg3 29. Rhxg3 c4 30. Nc5 Bxb1 31. Kxb1 Rab8+ 32. Kc1 Rxf2 33. Na4 Rd8 34. Rd1 Re8 35. h5 Ree2 36. hxg6 hxg6 37. g5 Ra2 38. Nb6 Ra1# 0-1

[Event "Pfalz-ch HT1 87th"]
[Site "Landau"]
[Date "2018.03.23"]
[Round "1"]
[White "Frohnhaeuser, Simon"]
[Black "Dias Borges Vianna, Sulivan"]
[Result "1-0"]
[WhiteElo "1832"]
[BlackElo "1402"]
[PlyCount "57"]
[EventDate "2018.03.23"]
[EventType "swiss"]
[EventRounds "7"]
[EventCountry "GER"]
[SourceTitle "EXT 2019"]
[Source "ChessBase"]
[SourceDate "2018.10.10"]
[SourceVersion "1"]
[SourceVersionDate "2018.10.10"]
[SourceQuality "1"]

1. e4 d6 2. Nc3 Nf6 3. Nf3 Nbd7 4. Bc4 h6 5. d4 e5 6. h3 c6 7. a4 a5 8. Be3 Be7 9. Bb3 Qc7 10. Qd2 Rb8 11. 0-0 g5 12. dxe5 dxe5 13. Qe2 Nf8 14. Rfd1 Ng6 15. Qc4 Be6 16. Nd5 Qc8 17. Nxe7 Nxe7 18. Qc3 0-0 19. Qxe5 Nh5 20. Bxe6 fxe6 21. Nxg5 Ng6 22. Qxe6+ Qxe6 23. Nxe6 Rf6 24. Nc5 Ngf4 25. Nd7 Ne2+ 26. Kh1 Re6 27. Nxb8 Rxe4 28. Nd7 Nhg3+ 29. Kh2 1-0